|
|
|
|
| LEADER |
00000nab a2200000 ar4500 |
| 001 |
vtls009462505 |
| 003 |
SK-MaSNL |
| 005 |
20260303053754.0 |
| 008 |
090119c19740329xo |r|p|||||||000 b|slo |
| 015 |
|
|
|a SNBRB1974
|
| 038 |
|
|
|a SNKBUCL
|
| 040 |
|
|
|a SNKBUCL
|b slo
|c SNKBUCL
|e AACR2
|
| 041 |
|
|
|a slo
|
| 044 |
|
|
|a xo
|c SK
|
| 080 |
|
|
|a 792.071.2
|2 1997
|
| 080 |
|
|
|a 791.44.071.2
|2 1997
|
| 245 |
0 |
0 |
|a Rozhovor so slovenskou herečkou o úlohe Evy Benedekovej v hre Jána Soloviča "Meridián"
|
| 600 |
1 |
7 |
|a Krížiková, Eva,
|d 1934-2020
|2 snkbucl
|9 197538
|
| 655 |
|
7 |
|a rozhovory
|2 snkbucl
|9 31831
|
| 700 |
1 |
|
|a Krížiková, Eva,
|d 1934-2020
|4 aut
|4 ive
|9 197538
|
| 773 |
0 |
|
|t Hlas ľudu
|g (29.3.1974), s. 1
|
| 852 |
|
|
|a SNK
|b KIS3GCP
|
| 958 |
|
|
|a BX
|
| 999 |
|
|
|c 1720587
|d 1722517
|